| 000 | 00827nab a22002057a 4500 | ||
|---|---|---|---|
| 999 |
_c5843 _d5843 |
||
| 003 | OSt | ||
| 005 | 20260108020033.0 | ||
| 008 | 190514b xxu||||| |||| 00| 0 spa d | ||
| 040 | _cPJ | ||
| 100 |
_94400 _aBeloff, Mary |
||
| 245 | 1 | 3 |
_aLos derechos de niñas y niños como derechos de protección y deberes de prestación : _balgunos problemas de la “traducción latinoamericana” / _cMary Belof. |
| 300 | _ap. 102-105 | ||
| 505 | _tSi te interesa el texto, comunicate a koha@justierradelfuego.gov.ar | ||
| 650 | 0 |
_9967 _aDERECHO DE FAMILIA |
|
| 650 | 0 |
_92741 _aDERECHOS DE LAS NIÑAS, NIÑOS Y ADOLESCENTES |
|
| 650 | 0 |
_94515 _aPREVENCIÓN DE ENFERMEDADES |
|
| 650 | 0 |
_94516 _aVACUNACIÓN |
|
| 773 | 0 |
_02844 _93222 _dBuenos Aires : AbeledoPerrot, 1989- _tDerecho de familia. N° 119 - Mayo 2025 _z18511201 |
|
| 942 |
_2udc _cANA |
||